[Event "ICS rated blitz match"]
[Site "204.178.125.65"]
[Date "1999.09.25"]
[Round "?"]
[White "Talmoves"]
[Black "Hossa"]
[Result "1-0"]
[WhiteElo "2492"]
[BlackElo "2503"]
[PlyCount "161"]
[EventDate "1999.??.??"]

1. c4 e6 2. Nf3 d5 3. d4 dxc4 4. e3 b5 5. a4 c6 6. Nc3 Bb4 7. Bd2 Ba6 8. Ne5
Nh6 9. axb5 Bxb5 10. Ne4 Bxd2+ 11. Qxd2 O-O 12. Nc5 Nf5 13. Be2 c3 14. bxc3
Bxe2 15. Qxe2 Nd6 16. O-O a5 17. Rfb1 Re8 18. Nb7 Nxb7 19. Rxb7 Rf8 20. Qf3 Qf6
21. Qe4 Qf5 22. Qxf5 exf5 23. Ra4 f6 24. Nc4 Rf7 25. Rb1 Rfa7 26. Rba1 Rb7 27.
Nd6 Rd7 28. Nxf5 g6 29. Ng3 Rda7 30. Ne4 Nd7 31. Rb1 h5 32. Nd6 g5 33. e4 Kf8
34. Nc4 Nb8 35. Rba1 Re7 36. f3 Rb7 37. Rxa5 Rxa5 38. Nxa5 Ra7 39. Kf2 Ke7 40.
Ke3 Ke6 41. Nb3 Rxa1 42. Nxa1 h4 43. Nb3 Nd7 44. f4 Kf7 45. Nd2 g4 46. f5 Nb6
47. Kf4 g3 48. h3 Na4 49. Nb1 Nb2 50. Kg4 Nc4 51. Kxh4 Nd6 52. Nd2 Nb5 53. Kxg3
Nxc3 54. Kf3 Nb5 55. Ke3 Nc3 56. g4 Ke8 57. e5 c5 58. dxc5 fxe5 59. g5 Kf8 60.
h4 Kf7 61. Nc4 e4 62. Kd4 Nb5+ 63. Kxe4 Nc7 64. Nd6+ Kg7 65. Ke5 Na6 66. c6 Kh7
67. Nb5 Nc5 68. Nc3 Na6 69. Kd6 Kg7 70. Ke7 Nb4 71. f6+ Kg6 72. c7 Nc6+ 73. Ke8
Na7 74. f7 Nc8 75. f8=Q Kh5 76. g6 Kg4 77. Ne4 Nd6+ 78. Qxd6 Kf3 79. c8=Q Kxe4
80. Qg4+ Ke3 81. Qdd4# {Hossa checkmated} 1-0

[Event "ICS rated blitz match"]
[Site "204.178.125.65"]
[Date "1999.09.06"]
[Round "?"]
[White "Talmoves"]
[Black "Hossa"]
[Result "1-0"]
[WhiteElo "2474"]
[BlackElo "2465"]
[PlyCount "129"]
[EventDate "1999.??.??"]

1. Nf3 Nf6 2. c4 e6 3. d4 d5 4. Nc3 c6 5. cxd5 exd5 6. Bg5 Be7 7. Qc2 Na6 8. a3
Nc7 9. e3 Nh5 10. h4 f6 11. Bd3 fxg5 12. hxg5 Ng3 13. fxg3 Bd6 14. Ne2 Be6 15.
Rxh7 Rxh7 16. Bxh7 Qe7 17. Qg6+ Kd7 18. Nh4 Rf8 19. Qh5 Kc8 20. Ng6 Qe8 21.
Nef4 Rf5 22. g4 Rxf4 23. Nxf4 Bf7 24. Bf5+ Kb8 25. g6 Qxe3+ 26. Ne2 Bg3+ 27.
Kd1 Be8 28. Qh3 Bf2 29. Qxe3 Bxe3 30. Kc2 c5 31. dxc5 Bxc5 32. Rh1 Bc6 33. Rh8+
Ne8 34. b4 Bf2 35. Nc3 a6 36. Nxd5 Ka7 37. Ne7 Ba4+ 38. Kd2 Bg3 39. Nc8+ Kb8
40. Nb6 Bb5 41. a4 Bc6 42. Be4 Kc7 43. Na8+ Kd8 44. Bxc6 bxc6 45. Nb6 Bd6 46.
Kc3 Be5+ 47. Kc4 Bf4 48. Kc5 Kc7 49. Na8+ Kd7 50. Kb6 Bd6 51. Rxe8 Kxe8 52.
Nc7+ Kd7 53. Nxa6 Bg3 54. Nc5+ Kd8 55. a5 Kc8 56. Kxc6 Kb8 57. b5 Ka8 58. Ne6
Be5 59. b6 Bg3 60. Nc7+ Kb8 61. a6 Bxc7 62. a7+ Ka8 63. bxc7 Kxa7 64. c8=R Ka6
65. Ra8# {Hossa checkmated} 1-0

[Event "ICS rated blitz match"]
[Site "204.178.125.65"]
[Date "1999.10.09"]
[Round "?"]
[White "Talmoves"]
[Black "Hossa"]
[Result "1-0"]
[WhiteElo "2649"]
[BlackElo "2480"]
[PlyCount "96"]
[EventDate "1999.??.??"]

1. e4 c5 2. Nf3 d6 3. d4 Nf6 4. Nc3 cxd4 5. Nxd4 e6 6. Be2 Be7 7. O-O O-O 8. f4
Nc6 9. Be3 d5 10. e5 Nd7 11. Kh1 Nc5 12. Nxc6 bxc6 13. b4 Na6 14. a3 Nc7 15.
Qd2 a5 16. bxa5 Rxa5 17. a4 Na8 18. Rfb1 f6 19. Bg4 fxe5 20. fxe5 Qc7 21. Bd4
c5 22. Nb5 Qd8 23. Bg1 Ra6 24. a5 d4 25. Nd6 Bxd6 26. exd6 Qxd6 27. Be2 Ra7 28.
Rf1 Rxf1 29. Rxf1 Qd8 30. Qf4 Qe7 31. c3 Rxa5 32. cxd4 cxd4 33. Rc1 Rc5 34.
Rxc5 Qxc5 35. Bxd4 Qe7 36. Bd3 Qa3 37. Qg5 Qf8 38. Qh5 g6 39. Qe5 Qh6 40. Qh8+
Kf7 41. Qxc8 Qf8 42. Qb7+ Qe7 43. Qxa8 Qb4 44. Qf3+ Ke8 45. Qc6+ Kf7 46. Bc3
Qe7 47. Qe4 Qd7 48. Qf4+ 48... Ke8 {Hossa resigns} 1-0

[Event "ICS rated blitz match"]
[Site "204.178.125.65"]
[Date "1999.09.06"]
[Round "?"]
[White "Talmoves"]
[Black "Hossa"]
[Result "1-0"]
[WhiteElo "2457"]
[BlackElo "2514"]
[PlyCount "70"]
[EventDate "1999.??.??"]

1. Nf3 Nf6 2. c4 e6 3. d4 d5 4. g3 dxc4 5. Bg2 Bb4+ 6. Bd2 Be7 7. Qa4+ Nbd7 8.
Qxc4 O-O 9. Nc3 c5 10. dxc5 Nxc5 11. O-O e5 12. Bg5 Ne6 13. Rfd1 Nd7 14. Bxe7
Qxe7 15. Nd5 Qd8 16. Qb4 Re8 17. Rac1 a5 18. Qg4 f6 19. Nh4 Nd4 20. Nf5 Nxf5
21. Nc7 Nd4 22. Qe4 Nc5 23. Rxc5 Nf3+ 24. Bxf3 Qxd1+ 25. Kg2 Be6 26. Nxe6 Rxe6
27. Qc4 Qd6 28. Bxb7 Ra6 29. Rd5 Qf8 30. Bxa6 Qa8 31. Qc8+ Qxc8 32. Bxc8 Rc6
33. Bf5 g6 34. Bd3 a4 35. Ra5 35... Rb6 {Hossa resigns} 1-0

[Event "ICS rated blitz match"]
[Site "204.178.125.65"]
[Date "1999.09.03"]
[Round "?"]
[White "Talmoves"]
[Black "Hossa"]
[Result "0-1"]
[WhiteElo "2521"]
[BlackElo "2555"]
[PlyCount "120"]
[EventDate "1999.??.??"]

1. c4 c5 2. Nf3 Nc6 3. Nc3 Nf6 4. d4 cxd4 5. Nxd4 Nxd4 6. Qxd4 d6 7. e4 Bg4 8.
f3 Bh5 9. c5 a6 10. Qb4 Qd7 11. g4 Bg6 12. g5 Nh5 13. Nd5 dxc5 14. Qa5 Rc8 15.
Nb6 Qc7 16. Qa4+ Qc6 17. Be3 e6 18. Qb3 Rd8 19. Be2 Bd6 20. Rc1 Nf4 21. Kf1
Nxe2 22. Kxe2 O-O 23. Na4 b6 24. h4 Bh5 25. Kf2 Bc7 26. Rcd1 f5 27. Rxd8 Bxd8
28. Rd1 fxe4 29. Rxd8 Rxd8 30. Qxb6 Qxb6 31. Nxb6 exf3 32. Na4 c4 33. Nc5 Rd6
34. Ne4 Rd1 35. Nd2 Rc1 36. Bd4 Ra1 37. Nxc4 Rxa2 38. Ne5 Ra4 39. Bc3 Rxh4 40.
Nd3 Rh2+ 41. Ke1 Be8 42. Nf2 Rg2 43. b4 Rxg5 44. Nd3 Rg2 45. Nf4 Rc2 46. Bd4 e5
47. Be3 exf4 48. Bd4 f2+ 49. Bxf2 Rxf2 50. Kxf2 Bc6 51. Ke1 g5 52. Kf2 g4 53.
Kf1 g3 54. Kg1 f3 55. b5 f2+ 56. Kf1 Bxb5+ 57. Kg2 f1=Q+ 58. Kxg3 Bd7 59. Kh2
Qf2+ 60. Kh1 60... Bc6# {Talmoves checkmated} 0-1

[Event "ICS rated blitz match"]
[Site "204.178.125.65"]
[Date "1999.09.30"]
[Round "?"]
[White "Talmoves"]
[Black "Hossa"]
[Result "1-0"]
[WhiteElo "2594"]
[BlackElo "2480"]
[Annotator "Fritz 5.32 (20s)"]
[PlyCount "114"]
[EventDate "1999.??.??"]

1. e4 e6 2. d4 d5 3. Nc3 Nf6 4. Bg5 dxe4 5. Nxe4 Nbd7 6. Nf3 Be7 7. Nxf6+ Bxf6
8. Bxf6 Qxf6 9. Bd3 c5 10. c3 O-O 11. Qe2 cxd4 12. cxd4 Qf4 13. O-O 13... Nf6
$146 (13... Rd8 14. Rac1 Nf6 15. Rfd1 Qd6 16. Ne5 Bd7 17. Rc3 Rac8 18. Ra3 a6
19. g4 Be8 20. g5 Nd7 21. Qe4 Kf8 22. Nf3 Qc6 23. Qf4 Ke7 24. Bxh7 g6 25. d5
Qd6 26. Qxd6+ Kxd6 27. dxe6+ Kxe6 28. Re3+ {
Thiellement,A-Matanovic,A/Varna 1962/MCD/1-0 (48)}) 14. Qe5 Nd5 15. Qh5 (15.
Rfe1 15... b6 $14) 15... Nf6 16. Qc5 16... Rd8 {
Isolierte Bauern sind verwundbar} 17. Rfc1 17... Nd5 {
Ein gutes Feld fuer den Springer} (17... b6 18. Qc6 Bd7 19. Qb7 $15) 18. Ne5 f6
19. g3 Qd2 20. Rc2 20... Qh6 $11 (20... Qb4 21. Nf3 $15) 21. Nf3 21... Qh5 $11
(21... b6 22. Qc6 Bd7 23. Qd6 $15) 22. Nh4 e5 (22... b6 23. Qa3 $15) 23. dxe5
fxe5 24. Bc4 Be6 25. Re1 25... Qg4 $16 (25... b6 26. Qa3 Qg4 27. Nf3 $18) 26.
f3 (26. Rxe5 Qd1+ 27. Bf1 Rac8 28. Rxd5 Qxd5 (28... Rxd5 $2 29. Qe7 Qxc2 30.
Qxe6+ Kh8 31. Qxd5 $18) (28... Bxd5 29. Qxc8 Rxc8 30. Rxc8+ Kf7 31. Ng2 $15)
29. Qxd5 Bxd5 (29... Rxd5 $143 30. Rxc8+ Bxc8 31. Bc4 $16) 30. Rxc8 30... Rxc8
$17) 26... Qg5 27. Rce2 Rac8 (27... Rdc8 28. Qd6 Rc6 29. Qxe6+ (29. Qxe5 $6
29... Qxe5 30. Rxe5 Rxc4 31. Rxe6 31... Rf8 $16) 29... Rxe6 30. Bxd5 $18) 28.
Qa5 (28. Qxa7 Rxc4 29. Rxe5 Qf6 30. Rxe6 30... Qxb2 $16) 28... b6 29. Qxa7 (29.
Rxe5 $2 {ist nicht korrekt} 29... Qxe5 $3 {der Killerzug} (29... bxa5 {
ist deutlich schlechter} 30. Rxg5 Rxc4 31. Rxe6 $14) 30. Rxe5 30... bxa5 $19)
29... Rxc4 30. Rxe5 {Weiss entwickelt Drohungen in der offenen e-Linie} 30...
Qd2 {Wenn Schwarz jetzt zu Rc2 kaeme...} 31. Rxe6 {Mit der Mattdrohung Re8}
31... Rc1 32. Ng2 Qd4+ 33. Kh1 Qxb2 34. Qa4 Rxe1+ 35. Nxe1 $14 (35. Rxe1 b5 36.
Qa6 36... Nf6 $16) 35... Kf7 36. Re4 Kf8 37. Qc4 Qf6 38. Qd4 Qh6 39. Kg1 Qc6
40. Nd3 40... Qc2 $2 $18 (40... Qc7 $16 $142) 41. Nf4 Qb1+ 42. Kf2 Rd6 (42...
Kf7 43. Ne6 Qxa2+ 44. Re2 Qxe2+ 45. Kxe2 Kxe6 46. Qxg7 Rd7 47. Qh6+ Ke5 48.
Qg5+ 48... Kd6 $18) 43. Nxd5 $1 {ganz unerschrocken. Droht Matt} 43... Qc2+ (
43... Qxa2+ $4 {den sollte Schwarz lieber stehen lassen} 44. Re2 Qxe2+ 45. Kxe2
Re6+ 46. Kf2 $18) 44. Re2 {Droht Matt: Qf4} 44... Qc5 45. Qxc5 {Droht Matt}
45... bxc5 46. Re5 Kf7 47. a4 Rh6 48. h4 Ra6 49. Rf5+ {
Weiss fuehrt die Partie kraftvoll zu Ende} 49... Ke6 50. Nc7+ Kxf5 51. Nxa6 Ke5
52. Nxc5 Kd5 53. Nb3 Kc6 54. Nd4+ Kb6 55. Ne6 Ka5 56. Nxg7 Kxa4 57. Ke3 (57. h5
$18 $142 {machte sofort alles klar}) 57... Kb4 1-0

[Event "ICS rated blitz match"]
[Site "204.178.125.65"]
[Date "1999.09.06"]
[Round "?"]
[White "Talmoves"]
[Black "Hossa"]
[Result "1-0"]
[WhiteElo "2474"]
[BlackElo "2447"]
[PlyCount "100"]
[EventDate "1999.??.??"]

1. Nf3 Nf6 2. c4 e6 3. d4 d5 4. Nc3 c6 5. cxd5 exd5 6. Bg5 Be7 7. Qc2 Na6 8. a3
Nc7 9. e3 Nh5 10. h4 f6 11. Bd3 fxg5 12. hxg5 Ng3 13. Bg6+ Kf8 14. fxg3 Bd6 15.
Ne5 Bxe5 16. dxe5 Qxg5 17. Qf2+ Ke7 18. Qf7+ Kd8 19. Rxh7 Qxe3+ 20. Ne2 Re8 21.
Qxg7 Qxe5 22. Bxe8 Qxg7 23. Rxg7 Nxe8 24. Rf7 Nd6 25. Rf8+ Ke7 26. Rh8 Nf7 27.
Rg8 Nh6 28. Rg7+ Nf7 29. O-O-O Bd7 30. Rf1 Rf8 31. g4 Ke8 32. Ng3 c5 33. g5 Be6
34. Rh1 c4 35. g6 Nd8 36. Rc7 Rg8 37. g7 Nc6 38. Rxb7 Kd8 39. Rh8 Kc8 40. Rxg8+
Bxg8 41. Rb5 Kc7 42. Nf5 Bf7 43. Nh6 Be6 44. g8=Q Bxg8 45. Nxg8 Kd6 46. Kd2 Nd4
47. Rb7 a5 48. Ne7 Nb3+ 49. Kc2 d4 50. g4 50... Na1+ {Hossa resigns} 1-0

[Event "ICS rated blitz match"]
[Site "204.178.125.65"]
[Date "1999.10.15"]
[Round "?"]
[White "Talmoves"]
[Black "Hossa"]
[Result "1-0"]
[WhiteElo "2620"]
[BlackElo "2411"]
[PlyCount "135"]
[EventDate "1999.??.??"]

1. c4 Nf6 2. Nf3 g6 3. d4 Bg7 4. Nc3 O-O 5. e4 d6 6. Be2 e5 7. O-O exd4 8. Nxd4
Nc6 9. Be3 Re8 10. f3 Nxd4 11. Bxd4 c6 12. Re1 b6 13. Qd2 Bb7 14. Red1 Re6 15.
Kh1 Qf8 16. Qg5 Rae8 17. Bf1 Bh6 18. Qh4 Nd7 19. Rab1 f5 20. exf5 gxf5 21. Qg3+
Rg6 22. Qh3 Ne5 23. Ne2 Nxc4 24. Ng3 Nd2 25. Rxd2 Bxd2 26. Nxf5 d5 27. Rd1 Bg5
28. Bd3 c5 29. Bf2 Qf6 30. Bg3 c4 31. Nd6 cxd3 32. Nxe8 Qc6 33. f4 Qxe8 34.
fxg5 Rxg5 35. Bh4 Rg6 36. Re1 Qa4 37. b3 Qc6 38. Qe3 Rg4 39. Qe7 Re4 40. Qg5+
Kh8 41. Rxe4 dxe4 42. Bg3 Qg6 43. Qe5+ Kg8 44. Qb8+ Bc8 45. Qxc8+ Kf7 46. Qd7+
Kg8 47. Bf4 h5 48. Qxa7 Qf5 49. Qb8+ Kf7 50. Qc7+ Ke8 51. h3 b5 52. a4 bxa4 53.
bxa4 Qd5 54. Bd2 Qf5 55. a5 Qf1+ 56. Kh2 Qf6 57. Qc8+ Kf7 58. Qc4+ Qe6 59.
Qxe6+ Kxe6 60. a6 e3 61. Bxe3 Kd5 62. a7 Ke4 63. Bd2 Kd4 64. a8=Q h4 65. Qc6
Ke5 66. Bc3+ Kf5 67. Qf6+ Ke4 68. Qe5# {Hossa checkmated} 1-0

[Event "ICS rated blitz match"]
[Site "204.178.125.65"]
[Date "1999.09.06"]
[Round "?"]
[White "Talmoves"]
[Black "Hossa"]
[Result "1-0"]
[WhiteElo "2454"]
[BlackElo "2475"]
[PlyCount "75"]
[EventDate "1999.??.??"]

1. Nf3 Nf6 2. c4 e6 3. d4 d5 4. Nc3 c6 5. cxd5 exd5 6. Bg5 Be7 7. Qc2 Na6 8. a3
Nc7 9. e3 Nh5 10. h4 f6 11. Bd3 Be6 12. Bxh7 Bf7 13. Bg6 O-O 14. Bxf7+ Rxf7 15.
Qg6 Ng3 16. fxg3 fxg5 17. hxg5 Bd6 18. Qh5 Bxg3+ 19. Ke2 Kf8 20. g6 Rf6 21.
Qh8+ Ke7 22. Qxg7+ Kd6 23. e4 Re6 24. e5+ Bxe5 25. dxe5+ Kc5 26. b4+ Kb6 27.
Na4+ Kb5 28. Nc5 Re7 29. Qf6 Ne8 30. Qf4 Ng7 31. Qe3 Qc8 32. a4+ Kb6 33. Ne6+
c5 34. a5+ Ka6 35. Nxc5+ Qxc5 36. Qxc5 Rxe5+ 37. Nxe5 Re8 38. b5# {
Hossa checkmated} 1-0

[Event "ICS rated blitz match"]
[Site "204.178.125.65"]
[Date "1999.10.10"]
[Round "?"]
[White "Talmoves"]
[Black "Hossa"]
[Result "1-0"]
[WhiteElo "2735"]
[BlackElo "2541"]
[PlyCount "149"]
[EventDate "1999.??.??"]

1. e4 g6 2. d4 Na6 3. Bf4 Nb4 4. c3 Nc6 5. d5 Nb8 6. Qd4 Nf6 7. e5 Nh5 8. Be3
f6 9. Bd3 fxe5 10. Qxe5 Bg7 11. Qg5 O-O 12. Nf3 c6 13. Bc4 Kh8 14. dxc6 Nxc6
15. Na3 Rf5 16. Qh4 d5 17. O-O-O Qa5 18. Bb3 Bd7 19. Kb1 Rc8 20. Ng5 h6 21. Nf3
Rc7 22. Rhe1 Bf6 23. Qa4 Qxa4 24. Bxa4 g5 25. Nb5 Rc8 26. Nxa7 Ra8 27. Nxc6
Rxa4 28. Nd8 g4 29. Nd4 e5 30. N4e6 Nf4 31. Nf7+ Kh7 32. Nc5 Nxg2 33. Nxd7 Nxe1
34. Rxe1 Be7 35. Nxh6 Rh5 36. Nb6 Re4 37. Nxd5 Rxh6 38. Nxe7 Rxh2 39. Nf5 Rc4
40. Rg1 Rh5 41. Nd6 Rc7 42. Rxg4 Rd7 43. Ne4 Kh8 44. Bg5 Rf7 45. Bf6+ Kh7 46.
Ng5+ Rxg5 47. Bxg5 Rxf2 48. a3 Rf7 49. Be3 Rd7 50. Re4 Rd1+ 51. Ka2 Kg6 52.
Rxe5 Re1 53. Re7 Kf5 54. a4 Re2 55. Ka3 Re1 56. Kb4 Re2 57. b3 Re1 58. a5 Re2
59. Kb5 Rb2 60. b4 Re2 61. Kb6 Re1 62. Kxb7 Rb1 63. a6 Kf6 64. Rc7 Kf5 65. Bd4
Rb2 66. Rf7+ Ke6 67. Rf6+ Kd5 68. a7 Kc4 69. a8=Q Rg2 70. Rf3 Kb3 71. c4+ Kxc4
72. Qa6+ Kxb4 73. Qa3+ Kb5 74. Qb3+ Ka5 75. Rf5# {Hossa checkmated} 1-0

[Event "ICS rated blitz match"]
[Site "204.178.125.65"]
[Date "1999.09.03"]
[Round "?"]
[White "Talmoves"]
[Black "Hossa"]
[Result "0-1"]
[WhiteElo "2533"]
[BlackElo "2539"]
[PlyCount "104"]
[EventDate "1999.??.??"]

1. c4 Nf6 2. Nf3 g6 3. d4 Bg7 4. Nc3 Ng4 5. h3 Nh6 6. e4 f5 7. exf5 Nxf5 8. g4
Nd6 9. c5 Nf7 10. Bc4 O-O 11. Bg5 Nc6 12. Qd3 b6 13. Qe4 bxc5 14. dxc5 Bb7 15.
O-O-O Kh8 16. Bf4 Na5 17. Bd5 Rb8 18. Bxb7 Nxb7 19. Qa4 Nxc5 20. Qxa7 Bxc3 21.
Bxc7 Bxb2+ 22. Kc2 Qe8 23. Rb1 Rb7 24. Qxc5 Qc8 25. Bb6 Rxb6 26. Qxc8 Rxc8+ 27.
Kd2 Ra8 28. Kd1 Rxa2 29. Rh2 Rd6+ 30. Ke1 Rf6 31. Ng1 Kg7 32. Rd1 Be5 33. Rg2
Nd6 34. g5 Rf4 35. Ne2 Re4 36. f4 Bxf4 37. Kf1 Nf5 38. Rf2 Ne3+ 39. Ke1 Bxg5
40. Nc3 Nxd1+ 41. Nxe4 Nxf2 42. Nxg5 h6 43. h4 hxg5 44. hxg5 Ne4 45. Kd1 d5 46.
Kc1 Nxg5 47. Kb1 Rd2 48. Kc1 Ne4 49. Kb1 d4 50. Ka1 d3 51. Kb1 Nc3+ 52. Ka1
52... Ra2# {Talmoves checkmated} 0-1

[Event "ICS rated blitz match"]
[Site "204.178.125.65"]
[Date "1999.08.30"]
[Round "?"]
[White "Talmoves"]
[Black "Hossa"]
[Result "1-0"]
[WhiteElo "2541"]
[BlackElo "2527"]
[PlyCount "100"]
[EventDate "1999.??.??"]

1. e4 e5 2. Nf3 Nc6 3. Bb5 a6 4. Ba4 Nf6 5. O-O b5 6. Bb3 Be7 7. Re1 O-O 8. c3
d6 9. h3 Nd7 10. d4 Na5 11. Bc2 c5 12. Nbd2 Bf6 13. dxc5 dxc5 14. Nf1 Bb7 15.
b3 Qe8 16. Ba3 Qe6 17. Ne3 Rfd8 18. Qe2 Be7 19. Nf5 Nc6 20. Nxe7+ Qxe7 21. Rad1
b4 22. cxb4 cxb4 23. Bb2 Rac8 24. Bd3 a5 25. Bc4 Kh8 26. Qe3 f6 27. Nh4 Nc5 28.
Nf5 Qf8 29. f4 a4 30. Rxd8 Rxd8 31. fxe5 Nxe5 32. Bxe5 fxe5 33. Nxg7 axb3 34.
axb3 Rd4 35. Rf1 Qxg7 36. Rf7 Qxf7 37. Bxf7 Nxe4 38. Qh6 Rd8 39. Bg6 Ng5 40.
Qxg5 Rd1+ 41. Kf2 hxg6 42. Qh6+ Kg8 43. Qxg6+ Kf8 44. Qf5+ Ke7 45. Qh7+ Ke6 46.
Qxb7 Rd2+ 47. Ke3 Rd4 48. g4 Kd6 49. Qg7 Rf4 50. h4 50... Rd4 {Hossa resigns}
1-0

[Event "ICS rated blitz match"]
[Site "204.178.125.65"]
[Date "1999.10.08"]
[Round "?"]
[White "Talmoves"]
[Black "Hossa"]
[Result "1-0"]
[WhiteElo "2659"]
[BlackElo "2412"]
[PlyCount "49"]
[EventDate "1999.??.??"]

1. e4 c5 2. Nf3 e6 3. d4 cxd4 4. Nxd4 a6 5. Nc3 Qc7 6. Bd3 Nc6 7. Be3 Bb4 8.
O-O Nf6 9. f4 Bxc3 10. bxc3 O-O 11. Nxc6 Qxc6 12. e5 Nd5 13. Bd4 Nxc3 14. Qh5
h6 15. f5 Qd5 16. Rf4 Nb5 17. f6 Nxd4 18. fxg7 f5 19. Qxh6 Re8 20. Rh4 Nf3+ 21.
gxf3 Qd4+ 22. Rxd4 d6 23. Rh4 dxe5 24. Qf6 Rb8 25. Rh8# {Hossa checkmated} 1-0

[Event "ICS rated blitz match"]
[Site "204.178.125.65"]
[Date "1999.10.17"]
[Round "?"]
[White "Talmoves"]
[Black "Hossa"]
[Result "1-0"]
[WhiteElo "2538"]
[BlackElo "2539"]
[PlyCount "76"]
[EventDate "1999.??.??"]

1. c4 c5 2. Nf3 Nf6 3. Nc3 e6 4. g3 d5 5. cxd5 exd5 6. d4 Nc6 7. Bg2 Be7 8. O-O
cxd4 9. Nxd4 O-O 10. Be3 Re8 11. Rc1 a6 12. Qa4 Bd7 13. Qb3 Na5 14. Qc2 Rc8 15.
Qd3 Be6 16. Bf4 Nc6 17. Nxc6 Rxc6 18. e3 Qd7 19. Ne2 Bf5 20. Qb3 Bh3 21. Nd4
Rxc1 22. Rxc1 Bxg2 23. Kxg2 Bd8 24. f3 b5 25. Rc6 Qb7 26. Qc2 Nh5 27. Bc7 Bf6
28. Nf5 Bxb2 29. Nd6 Qa8 30. Nxe8 Qxe8 31. Bb6 Ba3 32. Rc8 Qf8 33. Rxf8+ Bxf8
34. Qc8 Nf6 35. Bc5 Nd7 36. Bd6 b4 37. Qxd7 Bxd6 38. Qxd6 38... h5 {
Hossa resigns} 1-0

[Event "ICS rated blitz match"]
[Site "204.178.125.65"]
[Date "1999.09.11"]
[Round "?"]
[White "Talmoves"]
[Black "Hossa"]
[Result "1-0"]
[WhiteElo "2515"]
[BlackElo "2469"]
[PlyCount "74"]
[EventDate "1999.??.??"]

1. e4 c5 2. Nf3 Nc6 3. d4 cxd4 4. Nxd4 g6 5. c4 Nf6 6. Nc3 Nxd4 7. Qxd4 Bg7 8.
e5 Ng8 9. c5 Nh6 10. Bb5 Nf5 11. Qe4 O-O 12. g4 Nh6 13. Bg5 f5 14. exf6 exf6
15. Be3 f5 16. Qd5+ Kh8 17. Bd4 fxg4 18. Bxg7+ Kxg7 19. O-O-O Rf5 20. Qc4 Qg5+
21. Kb1 Rxc5 22. Qa4 Qf5+ 23. Bd3 Qe6 24. Rhg1 Rh5 25. Bc2 Rxh2 26. Nd5 Kg8 27.
Nc7 Qf7 28. Bb3 d5 29. Bxd5 Bf5+ 30. Ka1 Rf8 31. Qxa7 Bc8 32. Bxf7+ Kxf7 33.
Nd5 Nf5 34. Qb6 Kg8 35. Nf6+ Kf7 36. Nxg4 Rh3 37. Ne5+ 37... Kg8 {Hossa resigns
} 1-0

[Event "ICS rated blitz match"]
[Site "204.178.125.65"]
[Date "1999.10.10"]
[Round "?"]
[White "Talmoves"]
[Black "Hossa"]
[Result "1-0"]
[WhiteElo "2746"]
[BlackElo "2518"]
[PlyCount "91"]
[EventDate "1999.??.??"]

1. e4 c5 2. Nf3 Nc6 3. d4 cxd4 4. Nxd4 Nf6 5. Nc3 e5 6. Ndb5 d6 7. Bg5 a6 8.
Na3 b5 9. Bxf6 gxf6 10. Nd5 Be6 11. c3 Bg7 12. Nc2 Bxd5 13. Qxd5 Ne7 14. Qb7
O-O 15. Rd1 f5 16. Nb4 a5 17. Nd5 Nxd5 18. Qxd5 fxe4 19. Qxe4 b4 20. cxb4 Qb6
21. b5 Rac8 22. Bd3 f5 23. Bc4+ Kh8 24. Qd5 Qc5 25. b3 Qb4+ 26. Kf1 Rfd8 27.
Qe6 f4 28. a4 f3 29. gxf3 Qc5 30. Rg1 Qc7 31. Bd3 Rf8 32. Qh3 h6 33. Rg6 Qf7
34. Be4 Qf4 35. Rdxd6 Rc1+ 36. Kg2 Rg8 37. Bd5 Rcc8 38. b6 Rb8 39. b7 Rgd8 40.
Rxh6+ Bxh6 41. Rxh6+ Kg7 42. Rh7+ Kf8 43. Rh8+ Kg7 44. Qh7+ Kf6 45. Qf7+ Kg5
46. Rh5# {Hossa checkmated} 1-0

[Event "ICS rated blitz match"]
[Site "204.178.125.65"]
[Date "1999.08.30"]
[Round "?"]
[White "Talmoves"]
[Black "Hossa"]
[Result "0-1"]
[WhiteElo "2556"]
[BlackElo "2485"]
[PlyCount "208"]
[EventDate "1999.??.??"]

1. e4 e6 2. d4 d5 3. Nc3 Bb4 4. e5 c5 5. a3 Bxc3+ 6. bxc3 Qc7 7. Nf3 Ne7 8. a4
O-O 9. Bd3 cxd4 10. cxd4 Nd7 11. Qd2 f6 12. Ba3 Qd8 13. exf6 Rxf6 14. Rb1 Ng6
15. Bd6 Nb6 16. Be5 Nxe5 17. Nxe5 Nxa4 18. O-O Nb6 19. Qg5 Bd7 20. Ng4 Be8 21.
Nxf6+ Qxf6 22. Qxf6 gxf6 23. Rfe1 Bd7 24. Rb4 Rb8 25. Ra1 Nc8 26. Kf1 b6 27.
Ke2 Rb7 28. Ke3 Rc7 29. f4 h5 30. g3 Kf7 31. Be2 Kg6 32. Ra2 Nd6 33. Bd3+ Kf7
34. Rb1 Ke7 35. h3 b5 36. Rba1 Nc4+ 37. Bxc4 Rxc4 38. Rb2 Rc3+ 39. Kf2 h4 40.
gxh4 Rxh3 41. Rxa7 Kd6 42. Rba2 Rxh4 43. R2a6+ Bc6 44. Kg3 Rh1 45. Rf7 Rg1+ 46.
Kf3 Rf1+ 47. Ke3 Re1+ 48. Kf2 Rc1 49. Ra2 Rd1 50. Ke3 Re1+ 51. Kd2 Re4 52. Rxf6
Rxd4+ 53. Ke3 Re4+ 54. Kf3 d4 55. Ra6 Re3+ 56. Kg4 Re2 57. f5 Rg2+ 58. Kf4 Rf2+
59. Kg5 Rg2+ 60. Kh6 Rxc2 61. Rxe6+ Kd5 62. Rexc6 Rxc6+ 63. Rxc6 Kxc6 64. f6 d3
65. f7 d2 66. f8=Q d1=Q 67. Qc8+ Kb6 68. Qb8+ Kc5 69. Qe5+ Qd5 70. Qc3+ Kb6 71.
Qb2 Qd6+ 72. Kg5 b4 73. Kf5 Qd5+ 74. Kf6 Kb5 75. Qe2+ Ka4 76. Qa6+ Kb3 77. Ke7
Qe5+ 78. Kd7 Kb2 79. Qc4 b3 80. Qf7 Qb5+ 81. Kc7 Ka1 82. Qg7+ b2 83. Qd4 Ka2
84. Qa7+ Kb3 85. Qe3+ Kb4 86. Qe1+ Ka3 87. Qe3+ Qb3 88. Qc5+ Qb4 89. Qe3+ Ka4
90. Qe8+ Kb3 91. Qg6 Qa5+ 92. Kb7 Ka2 93. Qg8+ Ka3 94. Qg3+ Ka4 95. Qg1 Qb4+
96. Kc8 b1=Q 97. Qa7+ Kb3 98. Qe3+ Qc3+ 99. Qxc3+ Kxc3 100. Kc7 Qd1 101. Kc8
Kc4 102. Kc7 Kc5 103. Kc8 Kb6 104. Kb8 104... Qd8# {Talmoves checkmated} 0-1

[Event "ICS rated blitz match"]
[Site "204.178.125.65"]
[Date "1999.10.18"]
[Round "?"]
[White "Talmoves"]
[Black "Hossa"]
[Result "1/2-1/2"]
[WhiteElo "2535"]
[BlackElo "2529"]
[PlyCount "77"]
[EventDate "1999.??.??"]

1. c4 Nf6 2. Nf3 g6 3. d4 Bg7 4. Nc3 d5 5. Qb3 dxc4 6. Qxc4 O-O 7. e4 Nc6 8.
Be2 Re8 9. d5 Na5 10. Qa4 c6 11. dxc6 Nxc6 12. Be3 e5 13. Rd1 Bd7 14. Bb5 Qc8
15. Nd5 a6 16. Bd3 Nd4 17. Nxf6+ Bxf6 18. Qb4 Bh3 19. Nxd4 Bxg2 20. Nf5 Bxh1
21. Nh6+ Kg7 22. Be2 Rd8 23. Rxd8 Bxd8 24. Ng4 Bh4 25. Nxe5 Bf6 26. Ng4 a5 27.
Qd6 Bxb2 28. Bd4+ Bxd4 29. Qxd4+ Kf8 30. Qh8+ Ke7 31. Qf6+ Kd7 32. Ne5+ Kc7 33.
Qf4 Qe6 34. Nxf7+ Kb6 35. Qe3+ Kc6 36. Qc3+ Kb6 37. Qe3+ Kc6 38. Qc3+ Kb6 39.
Qe3+ {Game drawn by repetition} 1/2-1/2

[Event "ICS rated blitz match"]
[Site "204.178.125.65"]
[Date "1999.09.03"]
[Round "?"]
[White "Talmoves"]
[Black "Hossa"]
[Result "1-0"]
[WhiteElo "2554"]
[BlackElo "2570"]
[PlyCount "62"]
[EventDate "1999.??.??"]

1. c4 c5 2. Nf3 Nc6 3. d4 cxd4 4. Nxd4 e5 5. Nb5 Bc5 6. Nd6+ Bxd6 7. Qxd6 Nge7
8. e4 f5 9. Nc3 O-O 10. c5 Kh8 11. Bg5 fxe4 12. Rd1 e3 13. fxe3 Rf5 14. Bxe7
Nxe7 15. Bd3 Rf6 16. Qxe5 a6 17. Be4 a5 18. Qh5 g6 19. Qe5 Raa6 20. Rd6 Raxd6
21. cxd6 Ng8 22. Nd5 Qf8 23. Rf1 Qxd6 24. Qd4 b6 25. Nxf6 Qxd4 26. exd4 Ba6 27.
Rf4 g5 28. Rf3 Nxf6 29. Rxf6 Bc4 30. Rxb6 Bxa2 31. Rd6 31... Be6 {Hossa resigns
} 1-0

[Event "ICS rated blitz match"]
[Site "204.178.125.65"]
[Date "1999.10.01"]
[Round "?"]
[White "Talmoves"]
[Black "Hossa"]
[Result "1-0"]
[WhiteElo "2573"]
[BlackElo "2351"]
[PlyCount "104"]
[EventDate "1999.??.??"]

1. e4 e5 2. Nf3 Nc6 3. Bb5 a6 4. Ba4 Nf6 5. O-O Be7 6. Re1 b5 7. Bb3 d6 8. c3
O-O 9. h3 Be6 10. d4 Bxb3 11. axb3 d5 12. exd5 Nxd5 13. Nxe5 Nxe5 14. dxe5 Re8
15. e6 Rf8 16. Qg4 c6 17. Bh6 Bf6 18. c4 bxc4 19. bxc4 Ne7 20. Nc3 Kh8 21. Bg5
Bxc3 22. bxc3 Qc7 23. Qg3 Qxg3 24. fxg3 Ng6 25. exf7 Rxf7 26. Re6 Rf5 27. h4 c5
28. Raxa6 Rb8 29. g4 Re5 30. Be3 Rxe6 31. Rxe6 Nxh4 32. Bxc5 Kg8 33. Bb4 Ra8
34. c5 Ra2 35. c6 Rxg2+ 36. Kf1 Rxg4 37. c7 Rc4 38. Re8+ Kf7 39. c8=Q Rxc8 40.
Rxc8 g5 41. c4 h5 42. c5 Nf5 43. c6 Ne3+ 44. Kf2 Nd5 45. Rd8 Nc7 46. Rd7+ Ke6
47. Rxc7 Kd5 48. Rh7 h4 49. c7 Ke5 50. Re7+ Kf6 51. c8=Q g4 52. Qe6+ 52... Kg5
{Hossa resigns} 1-0